| 000 | 00875cam a22002537a 4500 | ||
|---|---|---|---|
| 999 |
_c7250 _d7250 |
||
| 003 | OSt | ||
| 005 | 20210525115713.0 | ||
| 008 | 190930m20189999spca||| |||| 000 0dcat|d | ||
| 020 |
_a9788496645479 _q(volum 1) |
||
| 040 |
_aES-BaAHC _bcat _cCDMR _dES-BaBC |
||
| 100 | 1 |
_aCadena, Josep M. _q(Josep Maria) _d1935- _92992 |
|
| 245 | 1 | 0 |
_aGaietà Cornet _c/ Josep Maria Cadena |
| 260 |
_aBarcelona : _bÀmbit, _c2018- |
||
| 300 |
_avol (605 p.) : _bil ; _c20 cm |
||
| 490 | 1 | _aEls Dibuixants del ¡Cu-Cut! | |
| 505 | 8 | _aConté: 1. 1902-1903 -- 3. 1906-1907 | |
| 600 | 1 | 7 |
_aCornet i Palau, Gaietà, _d1878-1945 _2lemac |
| 630 | 0 | 7 |
_aCu-cut! (Revista) _2lemac |
| 650 | 4 |
_aHumorisme gràfic català _xHistòria _yS. XX |
|
| 650 | 4 |
_aDibuixants _zCatalunya _yS. XX _93384 |
|
| 650 | 4 |
_aIl·lustradors _zCatalunya _yS. XX |
|
| 700 | 1 |
_aCornet i Palau, Gaietà, _d1878-1945 |
|
| 942 |
_cMON _2udc |
||